<?xml version="1.0" encoding="UTF-8"?>
<collection xmlns="http://www.loc.gov/MARC21/slim">
  <record>
    <leader>00000nam  2200000   4500</leader>
    <controlfield tag="001">INLIS000000000018580</controlfield>
    <controlfield tag="005">20241126025558</controlfield>
    <datafield tag="035" ind1="#" ind2="#">
      <subfield code="a">0010-1124000246</subfield>
    </datafield>
    <controlfield tag="007">ta</controlfield>
    <controlfield tag="008">241126###########################0######</controlfield>
    <datafield tag="245" ind1="#" ind2="#">
      <subfield code="a">GEMA NUSANTARA :</subfield>
      <subfield code="b">Pengembangan Kemampuan Berbahasa Inggris Mahasisan Administrasi Bisnis Politeknik Negeri Manado Melalui English Club /</subfield>
      <subfield code="c">Misael Aldo Walangitan,</subfield>
    </datafield>
    <datafield tag="260" ind1="#" ind2="#">
      <subfield code="a">Makassar :</subfield>
      <subfield code="b">Puslatbang KMP RI LAN Makassar,</subfield>
      <subfield code="c">2024</subfield>
    </datafield>
    <datafield tag="300" ind1="#" ind2="#">
      <subfield code="a">49 ;</subfield>
      <subfield code="c">30</subfield>
    </datafield>
    <datafield tag="650" ind1="#" ind2="4">
      <subfield code="a">Pengembangan Kemampuan Berbahasa Inggris Mahasisan Administrasi Bisnis Politeknik Negeri Manado Melalui English Club</subfield>
    </datafield>
    <datafield tag="700" ind1=" " ind2="#">
      <subfield code="a">Juliet P.T Makinggung, S.E., M.Si (Mentor)</subfield>
    </datafield>
    <datafield tag="700" ind1=" " ind2="#">
      <subfield code="a">Irmayani, S.AP., M.I.Kom (Coach)</subfield>
    </datafield>
    <datafield tag="520" ind1="#" ind2="#">
      <subfield code="a">Kegiatan aktualisasi CPNS ini berjudul "Pengembangan Kemampuan Berbahasa Inggris Mahasiswa Jurusan Administrasi Bisnis Politeknik Negeri Manado Melalui English Speaking Club" bertujuan untuk meningkatkan keterampilan berbahasa Inggris mahasiswa sekaligus. Dalam kegiatan aktualisasi yang dilakukan penulis perlu untuk Menanamkan 7 nilai Core Valu ASN yang disebut BerAKHLAK pada kegiatan aktualisasi yang dilakukan yaitu berorientasi pelayanan, akuntabel, kompeten, harmonis, loyal, adaptif dan kolaboratif. Adapun juga penerapan 7 nilai Core Value ASN tersebut dalam kegiatan aktualisasi sebagai panduan ke depannya dalam melakukan tugas seorang ASN dengan baik dan bertanggung jawab, Kemudian selain 7 Core Value ASN tersebit kegiatan ini juga menanamkan pemahaman tentang kedudukan dan manajemen ASN yaitu Smart ASN dan Manajemen ASN. Kegiatan Aktualisasi "Pengembangan Kemampuan Berbahasa Inggris Mahasiswa Jurusan Administrasi Bisnis Politeknik Negeri Manado Melalui English Speaking Club" berawal dari isu tentang kemampuan berbahasa Inggris Mahasiswa Jurusan Administrasi Bisnis Politeknik Negeri Manado, sehingga penerapan aktualisasi ini bertujuan untuk mengatasi permasalahan tersebut. Kegiatan Aktualisasi ini dilaksanakan selama 1 bulan di Jurusan Administrasi Bisnis Politeknik Negeri Manado.</subfield>
    </datafield>
    <datafield tag="856" ind1="#" ind2="#">
      <subfield code="a">PUSLATBANG KMP LAN RI Makassar</subfield>
    </datafield>
  </record>
</collection>
